Psicodiagnóstico : una prueba basada en la percepción /

Guardat en:
Dades bibliogràfiques
Autor principal: Rorschach, Hermann (autor)
Format: Llibre
Idioma:espanyol
Publicat: Buenos Aires, Argentina : Paidós, 1969, c1969
Edició:5a edición
Col·lecció:(Biblioteca de Psicometría y Psicodiagnóstico ; 2)
Matèries:
Etiquetes: Afegir etiqueta
Sense etiquetes, Sigues el primer a etiquetar aquest registre!

MARC

LEADER 00000nam^a2200000^a^4500
001 000018008
005 20250521000000.0
009 20260526113521.666
037 |a Acervo ITESO - Biblioteca 
041 |a ESP 
082 |a 155. 2842  |b ROR 
100 |a Rorschach, Hermann  |e (autor) 
240 1 1 |a [Psicodiagnóstico de Rorschach] 
245 1 0 |a Psicodiagnóstico :  |b una prueba basada en la percepción /  |c H. Rorschach ; tr. por Ludovico Rosenthal ; pról. de W. Morgenthaler. 
250 |a 5a edición 
264 4 |a Buenos Aires, Argentina :  |b Paidós,  |c 1969, c1969 
300 |a 263 p. 
336 |a texto  |b txt  |2 rdacontenido 
337 |a sin mediación  |b n  |2 rdamedio 
338 |a volumen  |b nc  |2 rdasoporte 
440 1 |a (Biblioteca de Psicometría y Psicodiagnóstico ;  |v 2) 
500 |a Traducción de: Psychodiagnostik 
649 |a XX 
650 |a Personalidad 
650 |a Pruebas de Personalidad Proyectivas -  |x Tema Principal 
650 |a Pruebas de Personalidad 
650 |a Pruebas Psicológicas 
650 |a Psicometría 
650 |a Psicología Diferencial 
910 |a Fondo General 
920 |a Impresos - Libros 
930 |a Colección General 
905 |a 101 
901 |a 0180080100  |b IT1  |c ACC  |i 018008  |u 20250521 
901 |a 0180080200  |b IT1  |c ACC  |i 903555  |u 20250521 
902 |a https://opac.biblio.iteso.mx/vufind/Record/000018008